000 002540000a22000970004500
100 1 _aSeuc, Napoleón.
245 1 0 _aJesucristo es el señor de la historia
300 _aVol. 3, Núm 14 (1991), Páginas 30-
773 0 _tImpacto Presbiteriano
942 _cANA
999 _c50989
_d50989